Metamodel-based modeling and model transformation framework supporting inheritance and constrants [abstract] /

Elmentve itt :
Bibliográfiai részletek
Szerzők: Lengyel László
Levendovszky Tihamér
Charaf Hassan
Testületi szerző: Conference of PhD students in computer science (4.)
Dokumentumtípus: Könyv része
Megjelent: University of Szeged Szeged 2004
Sorozat:Conference of PhD Students in Computer Science 4
Kulcsszavak:Számítástechnika - előadáskivonat
Tárgyszavak:
Online Access:http://acta.bibl.u-szeged.hu/59781
LEADER 00972naa a2200229 i 4500
001 acta59781
005 20230628115511.0
008 191014s2004 hu o 1|| eng d
040 |a SZTE Egyetemi Kiadványok Repozitórium  |b hun 
041 |a eng 
100 1 |a Lengyel László 
245 1 0 |a Metamodel-based modeling and model transformation framework supporting inheritance and constrants   |h [elektronikus dokumentum] :  |b [abstract] /  |c  Lengyel László 
260 |a University of Szeged  |b Szeged  |c 2004 
300 |a 80 
490 0 |a Conference of PhD Students in Computer Science  |v 4 
650 4 |a Természettudományok 
650 4 |a Számítás- és információtudomány 
695 |a Számítástechnika - előadáskivonat 
700 0 1 |a Levendovszky Tihamér  |e aut 
700 0 1 |a Charaf Hassan  |e aut 
711 |a Conference of PhD students in computer science (4.)  |c Szeged  |d 2004. július 1-4. 
856 4 0 |u http://acta.bibl.u-szeged.hu/59781/1/cscs_2004_080.pdf  |z Dokumentum-elérés